[Event "XLVI C.to Italiano"]
[Site "Cesenatico ITA"]
[Date "1986.06.??"]
[Round "1"]
[White "Bellia, Fabrizio"]
[Black "Arlandi, Ennio"]
[Result "1-0"]
[WhiteElo "2230"]
[BlackElo "2360"]
[PlyCount "103"]
[EventDate "1986.06.15"]

1. e4 e5 2. Nf3 Nc6 3. Bb5 g6 4. O-O Bg7 5. c3 a6 6. Ba4 d6 7. d4 Bd7 8. Re1
Nf6 9. dxe5 Nxe5 10. Nxe5 dxe5 11. Bxd7+ Qxd7 12. Qxd7+ Nxd7 13. Be3 O-O-O 14.
Na3 Nf8 15. Nc4 Ne6 16. Rad1 Rxd1 17. Rxd1 Rd8 18. Rd5 Rxd5 19. exd5 Nf4 20.
Bxf4 exf4 21. a4 b6 22. Kf1 f5 23. Ke2 Kd7 24. f3 Bf6 25. Kd3 Bg7 26. b4 Bf6
27. Nd2 Kd6 28. c4 Ke5 29. Nb3 Bh4 30. Nd4 Be1 31. b5 a5 32. Ne6 Kd6 33. Nxf4
Bf2 34. Ne6 Bg1 35. h3 Bh2 36. g4 fxg4 37. fxg4 h5 38. gxh5 gxh5 39. Ke4 h4 40.
Kf5 Bg3 41. Kf6 Be1 42. Kf7 Kd7 43. Nf8+ Kd6 44. Ke8 Kc5 45. Kd7 Bg3 46. Ne6+
Kxc4 47. Nxc7 Kc5 48. Kc8 Kb4 49. Kb7 Kxa4 50. Kxb6 Kb3 51. Kxa5 Bxc7+ 52. b6
1-0

[Event "XLVI C.to Italiano"]
[Site "Cesenatico ITA"]
[Date "1986.06.??"]
[Round "1"]
[White "Bellini, Fabio"]
[Black "Lanzani, Mario"]
[Result "1/2-1/2"]
[WhiteElo "2380"]
[BlackElo "2250"]
[PlyCount "24"]
[EventDate "1986.06.15"]

1. e4 c5 2. Nf3 Nc6 3. d4 cxd4 4. Nxd4 Nf6 5. Nc3 e5 6. Ndb5 d6 7. Nd5 Nxd5 8.
exd5 Nb8 9. c4 a6 10. Nc3 Be7 11. Be2 O-O 12. O-O f5 1/2-1/2

[Event "XLVI C.to Italiano"]
[Site "Cesenatico ITA"]
[Date "1986.06.??"]
[Round "1"]
[White "Braga, Fernando Alberto"]
[Black "Zichichi, Alvise"]
[Result "1/2-1/2"]
[WhiteElo "2470"]
[BlackElo "2405"]
[PlyCount "128"]
[EventDate "1986.06.15"]

1. e4 c5 2. Nf3 e6 3. d4 cxd4 4. Nxd4 Nf6 5. Nc3 d6 6. Be2 Be7 7. O-O O-O 8. f4
Nc6 9. Be3 e5 10. Nb3 a5 11. Kh1 a4 12. Nd2 a3 13. b3 Qa5 14. Nb5 d5 15. fxe5
Nxe5 16. Bd4 Nc6 17. Bxf6 Bxf6 18. Rxf6 gxf6 19. exd5 Bf5 20. dxc6 Rad8 21. c3
bxc6 22. b4 Qb6 23. Nd4 Rxd4 24. cxd4 Qxd4 25. Nc4 Qa7 26. Qf1 Qe7 27. Qxf5
Qxe2 28. Nxa3 Ra8 29. Qxf6 Rxa3 30. Rf1 Qe6 31. Qg5+ Kf8 32. Qc5+ Kg7 33. b5
Rxa2 34. bxc6 Qg6 35. Qd4+ Kg8 36. Qd5 Rc2 37. c7 Qe6 38. Qd3 Qc6 39. Qg3+ Qg6
40. Qf3 Rxc7 41. Qa8+ Kg7 42. Qa1+ f6 43. Rf3 Kf7 44. h3 Re7 45. Qa2+ Re6 46.
Re3 Qf5 47. Qa7+ Ke8 48. Qb8+ Ke7 49. Ra3 Kf7 50. Rg3 Re1+ 51. Kh2 Re8 52. Qc7+
Re7 53. Qc4+ Qe6 54. Qh4 Qe4 55. Qh6 Ke8 56. Rg8+ Kd7 57. Qd2+ Ke6 58. Qa2+ Qd5
59. Qxd5+ Kxd5 60. Rf8 Ke6 61. g4 h5 62. Kg3 Rg7 63. Kf4 hxg4 64. hxg4 Rg5
1/2-1/2

[Event "XLVI C.to Italiano"]
[Site "Cesenatico ITA"]
[Date "1986.06.??"]
[Round "1"]
[White "Martorelli, Antonio"]
[Black "Sibilio, Mario"]
[Result "1/2-1/2"]
[WhiteElo "2305"]
[BlackElo "2305"]
[PlyCount "68"]
[EventDate "1986.06.15"]

1. e4 c5 2. Nf3 d6 3. d4 cxd4 4. Nxd4 Nf6 5. Nc3 Nc6 6. Bc4 Qb6 7. Nb3 e6 8.
O-O Be7 9. a4 O-O 10. a5 Qc7 11. Bf4 Ne5 12. Be2 Bd7 13. a6 b5 14. Nxb5 Bxb5
15. Bxb5 Nxe4 16. Na5 Ng6 17. Be3 d5 18. c4 Bc5 19. cxd5 Bxe3 20. fxe3 Qb6 21.
Qe2 exd5 22. Nc6 Nd6 23. Nd4 Rab8 24. Bc6 Ne7 25. Bd7 Qxb2 26. Qxb2 Rxb2 27.
Nc6 Nxc6 28. Bxc6 Nc4 29. Rf2 Rb6 30. Bxd5 Nxe3 31. Bb7 g6 32. Rd2 Re8 33. h3
Nf5 34. Rad1 Re7 1/2-1/2

[Event "XLVI C.to Italiano"]
[Site "Cesenatico ITA"]
[Date "1986.06.??"]
[Round "1"]
[White "Messa, Roberto"]
[Black "Sarno, Spartaco"]
[Result "1-0"]
[WhiteElo "2410"]
[BlackElo "2400"]
[PlyCount "71"]
[EventDate "1986.06.15"]

1. e4 c6 2. d4 d5 3. Nc3 dxe4 4. Nxe4 Bf5 5. Ng3 Bg6 6. h4 h6 7. Nf3 Nd7 8. h5
Bh7 9. Bd3 Bxd3 10. Qxd3 Qc7 11. Bd2 e6 12. O-O-O Ngf6 13. Ne4 O-O-O 14. g3 Nc5
15. Nxc5 Bxc5 16. c4 Bb6 17. Bc3 Rhe8 18. Qc2 c5 19. d5 exd5 20. cxd5 Rxd5 21.
Rxd5 Nxd5 22. Qf5+ Qd7 23. Qxd7+ Kxd7 24. Rd1 Kd6 25. Bxg7 f6 26. g4 Rg8 27.
Nh4 c4 28. Nf5+ Ke6 29. Rxd5 Kxd5 30. Ne7+ Ke6 31. Nxg8 Kf7 32. Bxh6 Bxf2 33.
Nxf6 Kxf6 34. g5+ Kf7 35. g6+ Kg8 36. Bd2 1-0

[Event "XLVI C.to Italiano"]
[Site "Cesenatico ITA"]
[Date "1986.06.??"]
[Round "1"]
[White "Sanna, Gianlazzaro"]
[Black "Belotti, Bruno"]
[Result "1/2-1/2"]
[WhiteElo "2380"]
[BlackElo "2355"]
[PlyCount "59"]
[EventDate "1986.06.15"]

1. d4 Nf6 2. c4 c5 3. d5 b5 4. cxb5 a6 5. bxa6 Bxa6 6. g3 d6 7. Bg2 g6 8. b3
Bg7 9. Bb2 O-O 10. Nh3 Nbd7 11. O-O Qb6 12. Bc3 Ne8 13. Bxg7 Kxg7 14. Nd2 Nc7
15. Nf4 Ne5 16. Nf3 Nxf3+ 17. Bxf3 Nb5 18. e3 Na3 19. Be2 Rfb8 20. Qd2 Qb4 21.
Qxb4 Rxb4 22. Bxa6 Rxa6 23. Nd3 Re4 24. Rfc1 c4 25. bxc4 Rxc4 26. Kf1 Ra5 27.
Rxc4 Nxc4 28. Ke2 Rxd5 29. Rc1 Na3 30. Rc7 1/2-1/2

[Event "XLVI C.to Italiano"]
[Site "Cesenatico ITA"]
[Date "1986.06.??"]
[Round "2"]
[White "Belotti, Bruno"]
[Black "Sibilio, Mario"]
[Result "1-0"]
[WhiteElo "2355"]
[BlackElo "2305"]
[PlyCount "139"]
[EventDate "1986.06.15"]

1. d4 g6 2. c4 Bg7 3. Nc3 d6 4. e4 c6 5. Be3 Nf6 6. f3 Qa5 7. Qd2 e5 8. d5 cxd5
9. Nxd5 Qxd2+ 10. Kxd2 Nxd5 11. cxd5 Bf6 12. Ne2 Nd7 13. Nc3 a6 14. a4 Bd8 15.
a5 f5 16. b4 Nf6 17. Be2 fxe4 18. fxe4 Bg4 19. Bg5 Bxe2 20. Kxe2 Rc8 21. Bxf6
Bxf6 22. Kd3 Rf8 23. Rhf1 Bg5 24. Rxf8+ Kxf8 25. Na4 Rc1 26. Rxc1 Bxc1 27. Nb6
Ke7 28. Nc4 Bf4 29. g3 Bc1 30. Kc2 Bg5 31. Kb3 Kd7 32. Ka4 h5 33. b5 Bc1 34.
bxa6 bxa6 35. Kb3 Bg5 36. Kc2 Bd8 37. Kc3 Bc7 38. Kd3 Bb8 39. Ke2 Ba7 40. Kf3
Bc5 41. g4 Ke7 42. gxh5 gxh5 43. Kg3 Kf6 44. Nb6 Bb4 45. Nd7+ Kg5 46. h4+ Kg6
47. Nb8 Bxa5 48. Nxa6 Kf7 49. Kf2 Ke8 50. Nb8 Bd8 51. Kg3 Ba5 52. Nc6 Be1+ 53.
Kh3 Kd7 54. Na7 Bf2 55. Nb5 Be1 56. Na3 Ke7 57. Nc4 Bf2 58. Nd2 Be3 59. Nf3 Kd7
60. Kg3 Ke7 61. Kg2 Kd7 62. Kf1 Bf4 63. Kf2 Ke7 64. Ng1 Bh6 65. Ne2 Kf7 66. Ng3
Kg6 67. Ke2 Bf8 68. Kd3 Kf7 69. Kc4 Be7 70. Nf5 1-0

[Event "XLVI C.to Italiano"]
[Site "Cesenatico ITA"]
[Date "1986.06.??"]
[Round "2"]
[White "Lanzani, Mario"]
[Black "Messa, Roberto"]
[Result "1/2-1/2"]
[WhiteElo "2250"]
[BlackElo "2410"]
[PlyCount "48"]
[EventDate "1986.06.15"]

1. d4 Nf6 2. c4 e6 3. g3 c5 4. d5 exd5 5. cxd5 d6 6. Nc3 g6 7. Bg2 Bg7 8. Nf3
O-O 9. O-O a6 10. a4 Nbd7 11. Nd2 Re8 12. Nc4 Nb6 13. Na3 Bd7 14. Bd2 Rb8 15.
a5 Nc8 16. Nc4 Bb5 17. b3 Bxc4 18. bxc4 b5 19. axb6 Nxb6 20. Na4 Nxc4 21. Bc3
Rb5 22. Qd3 Nb6 23. e4 Rb3 24. Qc2 Rb5 1/2-1/2

[Event "XLVI C.to Italiano"]
[Site "Cesenatico ITA"]
[Date "1986.06.??"]
[Round "2"]
[White "Sanna, Gianlazzaro"]
[Black "Tatai, Stefano"]
[Result "1/2-1/2"]
[WhiteElo "2380"]
[BlackElo "2405"]
[PlyCount "177"]
[EventDate "1986.06.15"]

1. d4 Nf6 2. c4 e6 3. Nc3 Bb4 4. Qc2 c5 5. dxc5 O-O 6. Nf3 Na6 7. Bg5 Nxc5 8.
Nd2 Qa5 9. Bxf6 gxf6 10. Rc1 Bxc3 11. Qxc3 Qxc3 12. Rxc3 a5 13. g3 b6 14. Bg2
Ra7 15. Ne4 Nxe4 16. Bxe4 Rc7 17. Kd2 Ba6 18. Rhc1 Rfc8 19. b3 Rc5 20. a4 Kf8
21. Bf3 Ke7 22. Bh1 Rh5 23. h4 Rhc5 24. Be4 f5 25. Bf3 h6 26. R1c2 R5c7 27. Rc1
Rc5 28. R1c2 R8c7 29. Rc1 Bc8 30. R1c2 d6 31. Ba8 Bd7 32. f4 Rc8 33. Bh1 e5 34.
Bd5 Be6 35. fxe5 dxe5 36. Bxe6 fxe6 37. Ke3 Rg8 38. Kf2 e4 39. Rd2 Rcc8 40. e3
Rcd8 41. Rxd8 Rxd8 42. Rc2 h5 43. Ke2 Rg8 44. Kf2 Kd6 45. Rd2+ Kc6 46. Rd1 Rb8
47. Rd4 Kc5 48. Rd7 Kb4 49. Rh7 Kxb3 50. Rxh5 Kxa4 51. g4 Kb3 52. g5 a4 53. g6
Rd8 54. Rg5 Rd2+ 55. Ke1 Rh2 56. g7 a3 57. g8=Q a2 58. Qa8 a1=Q+ 59. Qxa1 Rh1+
60. Kf2 Rxa1 61. Rg6 Kxc4 62. Rxe6 b5 63. Rc6+ Kd5 64. Rf6 b4 65. Rxf5+ Kc4 66.
Rf8 Rh1 67. Rc8+ Kd3 68. Rd8+ Kc3 69. Rc8+ Kb2 70. Kg3 b3 71. Kg4 Ka3 72. Ra8+
Kb4 73. Rb8+ Kc3 74. Rc8+ Kd3 75. Rb8 Rb1 76. Kf4 b2 77. Ke5 Kxe3 78. Rb3+ Kd2
79. Kxe4 Kc2 80. Rxb2+ Kxb2 81. Kf5 Rh1 82. Kg5 Kc3 83. h5 Kd4 84. h6 Ke5 85.
Kg6 Ke6 86. Kg7 Rg1+ 87. Kf8 Rf1+ 88. Kg8 Rg1+ 89. Kf8 1/2-1/2

[Event "XLVI C.to Italiano"]
[Site "Cesenatico ITA"]
[Date "1986.06.??"]
[Round "2"]
[White "Sarno, Spartaco"]
[Black "Martorelli, Antonio"]
[Result "0-1"]
[WhiteElo "2400"]
[BlackElo "2305"]
[PlyCount "52"]
[EventDate "1986.06.15"]

1. d4 Nf6 2. c4 g6 3. Nc3 Bg7 4. e4 d6 5. f3 a6 6. Be3 Nc6 7. Nge2 Rb8 8. Qd2
b5 9. h4 bxc4 10. O-O-O Nb4 11. Nf4 c5 12. Bxc4 cxd4 13. Bxd4 Qc7 14. e5 Qxc4
15. exf6 Bh6 16. g3 Nxa2+ 17. Kb1 Bf5+ 18. Ne4 Bxf4 19. Qxf4 Nb4 20. Bc3 Nd5
21. Rxd5 Qxd5 22. fxe7 Kxe7 23. Re1 Rhc8 24. g4 Rxc3 25. Qg5+ Ke8 26. gxf5 Qd3+
0-1

[Event "XLVI C.to Italiano"]
[Site "Cesenatico ITA"]
[Date "1986.06.??"]
[Round "3"]
[White "Bellia, Fabrizio"]
[Black "De Eccher, Stefano"]
[Result "1-0"]
[WhiteElo "2230"]
[BlackElo "2325"]
[PlyCount "89"]
[EventDate "1986.06.15"]

1. e4 e5 2. Nf3 Nc6 3. Bb5 a6 4. Ba4 d6 5. Bxc6+ bxc6 6. d4 f6 7. O-O Bg4 8. h3
Bh5 9. c3 Ne7 10. Re1 Qd7 11. Nxe5 Qxh3 12. gxh3 Bxd1 13. Nxc6 Ba4 14. Nxe7
Bxe7 15. c4 O-O 16. Nc3 Bd7 17. Kg2 f5 18. Nd5 Bh4 19. e5 dxe5 20. dxe5 Bc6 21.
Bf4 Rab8 22. b3 Rb4 23. Bg3 Bxg3 24. Kxg3 Bxd5 25. cxd5 Rd8 26. Rac1 Rd4 27.
Rxc7 R4xd5 28. Ra7 a5 29. Rc1 R8d7 30. Rxd7 Rxd7 31. e6 Rd8 32. Kf4 Kf8 33.
Kxf5 Rd2 34. f4 Rxa2 35. Rc8+ Ke7 36. Rc7+ Kf8 37. Rf7+ Kg8 38. Ra7 Kf8 39. b4
a4 40. b5 Rb2 41. Ke5 Rxb5+ 42. Kd6 Rb8 43. f5 Rd8+ 44. Ke5 Rd3 45. Rf7+ 1-0

[Event "XLVI C.to Italiano"]
[Site "Cesenatico ITA"]
[Date "1986.06.??"]
[Round "3"]
[White "Bellini, Fabio"]
[Black "Zichichi, Alvise"]
[Result "1-0"]
[WhiteElo "2380"]
[BlackElo "2405"]
[PlyCount "93"]
[EventDate "1986.06.15"]

1. e4 c5 2. Nf3 e6 3. d4 cxd4 4. Nxd4 Nf6 5. Nc3 d6 6. f4 Nc6 7. Be3 Be7 8. Qf3
e5 9. Nxc6 bxc6 10. f5 Qa5 11. Bc4 Rb8 12. Bd2 Qc7 13. Bb3 a5 14. g4 Nd7 15. g5
Nc5 16. O-O a4 17. Bxf7+ Kxf7 18. f6 Be6 19. g6+ hxg6 20. fxe7+ Kxe7 21. Qg3
Rbg8 22. Qxg6 Kd7 23. Be3 Kc8 24. b4 Rh6 25. Qg5 Nd7 26. Qe7 Rg6+ 27. Kh1 Bc4
28. Rg1 Rxg1+ 29. Rxg1 Nf6 30. Qxc7+ Kxc7 31. Bg5 Nh5 32. a3 Rf8 33. Be3 Rf3
34. Re1 d5 35. Nxa4 d4 36. Bc1 Rf2 37. c3 d3 38. Nb2 Ba6 39. Rd1 Nf4 40. Bxf4
Rxf4 41. Nxd3 Rf3 42. Nc5 Bf1 43. h4 Bc4 44. Rd7+ Kc8 45. Rxg7 Rxc3 46. Kg2 Be2
47. Rg5 1-0

[Event "XLVI C.to Italiano"]
[Site "Cesenatico ITA"]
[Date "1986.06.??"]
[Round "3"]
[White "Braga, Fernando Alberto"]
[Black "Sanna, Gianlazzaro"]
[Result "1-0"]
[WhiteElo "2470"]
[BlackElo "2380"]
[PlyCount "45"]
[EventDate "1986.06.15"]

1. e4 c5 2. Nf3 Nc6 3. d4 cxd4 4. Nxd4 Nf6 5. Nc3 d6 6. Bg5 e6 7. Qd2 Be7 8.
O-O-O O-O 9. f3 Nxd4 10. Qxd4 Qa5 11. Qd2 Rd8 12. Kb1 Qc7 13. Nb5 Qd7 14. h4 a6
15. Nd4 Qc7 16. g4 b5 17. h5 Bb7 18. Bd3 Rac8 19. Qe1 b4 20. h6 Ne8 21. Bxe7
Qxe7 22. hxg7 Nxg7 23. Qxb4 1-0

[Event "XLVI C.to Italiano"]
[Site "Cesenatico ITA"]
[Date "1986.06.??"]
[Round "3"]
[White "Messa, Roberto"]
[Black "Arlandi, Ennio"]
[Result "1/2-1/2"]
[WhiteElo "2410"]
[BlackElo "2360"]
[PlyCount "38"]
[EventDate "1986.06.15"]

1. e4 e5 2. Nf3 Nf6 3. Nxe5 d6 4. Nf3 Nxe4 5. d4 d5 6. Bd3 Be7 7. O-O Nc6 8. c4
Nf6 9. Re1 Bg4 10. Nc3 O-O 11. Be3 Nb4 12. Be2 dxc4 13. Ne5 Bxe2 14. Qxe2 c6
15. Bg5 Nfd5 16. Bxe7 Nxe7 17. Rad1 b5 18. a3 Nbd5 19. Nxd5 cxd5 1/2-1/2

[Event "XLVI C.to Italiano"]
[Site "Cesenatico ITA"]
[Date "1986.06.??"]
[Round "3"]
[White "Sibilio, Mario"]
[Black "Sarno, Spartaco"]
[Result "0-1"]
[WhiteElo "2305"]
[BlackElo "2400"]
[PlyCount "148"]
[EventDate "1986.06.15"]

1. Nf3 g6 2. d4 Nf6 3. g3 Bg7 4. Bg2 O-O 5. O-O d6 6. b3 Nbd7 7. c4 c5 8. Nc3
a6 9. h3 Rb8 10. dxc5 Nxc5 11. Nd4 Ne6 12. Bb2 h5 13. e3 Bd7 14. Rc1 Qa5 15. a3
Rfc8 16. b4 Qd8 17. Nce2 b5 18. Nxe6 Bxe6 19. c5 dxc5 20. Be5 Bc4 21. Bxb8 Rxb8
22. Re1 cxb4 23. axb4 e5 24. f4 Qb6 25. fxe5 Qxe3+ 26. Kh2 Qxe5 27. Nd4 Qc7 28.
Nc6 Re8 29. Rxe8+ Nxe8 30. Qe1 Nd6 31. Ne7+ Kh7 32. Kh1 Bb2 33. Rc2 Bf6 34. Nd5
Qd8 35. Rf2 Nf5 36. Nxf6+ Qxf6 37. Rf4 Qg5 38. Kh2 h4 39. Rg4 hxg3+ 40. Kh1 Qd8
41. Rf4 Qg5 42. Rg4 Qd8 43. Rf4 Qd6 44. Rxf5 gxf5 45. Bf3 Bd5 46. Qd1 Bxf3+ 47.
Qxf3 f4 48. h4 Qe5 49. Kg2 Kh6 50. Qd3 f5 51. Kh3 Kg6 52. Qd8 Qf6 53. Qg8+ Kh6
54. h5 Kxh5 55. Qh7+ Kg5 56. Qh4+ Kg6 57. Qxf4 Qg5 58. Qd6+ Kh5 59. Kg2 Qg4 60.
Qf8 Qe2+ 61. Kxg3 Qe3+ 62. Kg2 Kg4 63. Qg7+ Qg5 64. Qd4+ Kh5+ 65. Kf1 f4 66.
Qh8+ Kg4 67. Qc8+ Kg3 68. Qc3+ f3 69. Qe1+ Kh3 70. Qe6+ Qg4 71. Qh6+ Qh4 72.
Qe6+ Kh2 73. Qa2+ Kh1 74. Qb1 Qh2 0-1

[Event "XLVI C.to Italiano"]
[Site "Cesenatico ITA"]
[Date "1986.06.??"]
[Round "3"]
[White "Tatai, Stefano"]
[Black "Belotti, Bruno"]
[Result "1/2-1/2"]
[WhiteElo "2405"]
[BlackElo "2355"]
[PlyCount "33"]
[EventDate "1986.06.15"]

1. d4 Nf6 2. Nf3 c5 3. d5 b5 4. c4 b4 5. g3 d6 6. Bg2 g6 7. O-O Bg7 8. a3 O-O
9. axb4 cxb4 10. Nd4 Qc7 11. b3 a5 12. Bb2 Bd7 13. Nd2 Na6 14. Nb5 Qb6 15. Nd4
Nc5 16. Nc2 Ra7 17. Bd4 1/2-1/2

[Event "XLVI C.to Italiano"]
[Site "Cesenatico ITA"]
[Date "1986.06.??"]
[Round "4"]
[White "Arlandi, Ennio"]
[Black "Martorelli, Antonio"]
[Result "1/2-1/2"]
[WhiteElo "2360"]
[BlackElo "2305"]
[PlyCount "30"]
[EventDate "1986.06.15"]

1. d4 Nf6 2. c4 c5 3. d5 e6 4. Nc3 exd5 5. cxd5 d6 6. Nf3 g6 7. Nd2 Bg7 8. e4
O-O 9. Be2 Re8 10. O-O Nbd7 11. a4 Ne5 12. Re1 b6 13. Nf1 a6 14. f4 Ned7 15.
Bf3 Rb8 1/2-1/2

[Event "XLVI C.to Italiano"]
[Site "Cesenatico ITA"]
[Date "1986.06.??"]
[Round "4"]
[White "Belotti, Bruno"]
[Black "Sarno, Spartaco"]
[Result "1/2-1/2"]
[WhiteElo "2355"]
[BlackElo "2400"]
[PlyCount "32"]
[EventDate "1986.06.15"]

1. d4 Nf6 2. c4 g6 3. Nc3 Bg7 4. e4 d6 5. f3 O-O 6. Be3 Nc6 7. Nge2 a6 8. Qd2
Rb8 9. h4 h5 10. O-O-O b5 11. Nf4 Bd7 12. g4 Nxd4 13. Bxd4 e5 14. Bxe5 dxe5 15.
g5 Bc6 16. Qxd8 Rfxd8 1/2-1/2

[Event "XLVI C.to Italiano"]
[Site "Cesenatico ITA"]
[Date "1986.06.??"]
[Round "4"]
[White "Lanzani, Mario"]
[Black "Sibilio, Mario"]
[Result "1/2-1/2"]
[WhiteElo "2250"]
[BlackElo "2305"]
[PlyCount "57"]
[EventDate "1986.06.15"]

1. d4 b5 2. e4 Bb7 3. Bd3 e6 4. Qe2 c5 5. dxc5 b4 6. Be3 Qc7 7. Nd2 Bxc5 8.
Bxc5 Qxc5 9. Qg4 Kf8 10. Ngf3 Nf6 11. Qf4 d6 12. a3 Nbd7 13. O-O e5 14. Qh4 a5
15. axb4 axb4 16. Rxa8+ Bxa8 17. Bc4 Ke7 18. Ng5 Rf8 19. Qh3 d5 20. exd5 Bxd5
21. Qb3 Bxc4 22. Nxc4 h6 23. Nf3 e4 24. Nfd2 Re8 25. Ra1 Kf8 26. Ra5 Qe7 27.
Ne3 g6 28. Rb5 Rb8 29. Rxb8+ 1/2-1/2

[Event "XLVI C.to Italiano"]
[Site "Cesenatico ITA"]
[Date "1986.06.??"]
[Round "4"]
[White "Sanna, Gianlazzaro"]
[Black "Bellia, Fabrizio"]
[Result "1/2-1/2"]
[WhiteElo "2380"]
[BlackElo "2230"]
[PlyCount "54"]
[EventDate "1986.06.15"]

1. d4 Nf6 2. c4 g6 3. g3 Bg7 4. Bg2 O-O 5. Nf3 d6 6. O-O Nbd7 7. Nc3 e5 8. e4
c6 9. h3 Qb6 10. Re1 exd4 11. Nxd4 Ne8 12. Nb3 a5 13. Be3 Qb4 14. a3 Qxc4 15.
Rc1 a4 16. Nd4 Qa6 17. f4 Nb6 18. Bf1 Nc4 19. Bxc4 Qxc4 20. Ncb5 Qa2 21. Ra1
Qc4 22. Rc1 Qa2 23. Ra1 Qxb2 24. Rb1 Qa2 25. Ra1 Qb2 26. Rb1 Qa2 27. Ra1 Qb2
1/2-1/2

[Event "XLVI C.to Italiano"]
[Site "Cesenatico ITA"]
[Date "1986.06.??"]
[Round "4"]
[White "Tatai, Stefano"]
[Black "Braga, Fernando Alberto"]
[Result "1/2-1/2"]
[WhiteElo "2405"]
[BlackElo "2470"]
[PlyCount "53"]
[EventDate "1986.06.15"]

1. d4 Nf6 2. c4 e6 3. Nf3 d5 4. Nc3 Be7 5. Bg5 O-O 6. e3 h6 7. Bh4 b6 8. Bd3
Bb7 9. O-O Ne4 10. Bg3 Nxg3 11. hxg3 dxc4 12. Bxc4 c5 13. Qe2 Nc6 14. dxc5 Bxc5
15. Rfd1 Qe7 16. Ba6 Rac8 17. Rac1 Nb8 18. Bxb7 Qxb7 19. a3 Nd7 20. Rc2 Nf6 21.
Rdc1 Rfd8 22. Nb5 a6 23. Nbd4 Bxd4 24. Nxd4 Rxc2 25. Qxc2 Qd5 26. Qe2 b5 27.
Qf3 1/2-1/2

[Event "XLVI C.to Italiano"]
[Site "Cesenatico ITA"]
[Date "1986.06.??"]
[Round "4"]
[White "Zichichi, Alvise"]
[Black "Messa, Roberto"]
[Result "1/2-1/2"]
[WhiteElo "2405"]
[BlackElo "2410"]
[PlyCount "21"]
[EventDate "1986.06.15"]

1. d4 Nf6 2. Nf3 e6 3. e3 c5 4. Bd3 Nc6 5. O-O d5 6. b3 Bd6 7. Bb2 O-O 8. Nbd2
Qe7 9. c4 Rd8 10. Qb1 h6 11. Re1 1/2-1/2

[Event "XLVI C.to Italiano"]
[Site "Cesenatico ITA"]
[Date "1986.06.??"]
[Round "5"]
[White "Bellia, Fabrizio"]
[Black "Tatai, Stefano"]
[Result "1/2-1/2"]
[WhiteElo "2230"]
[BlackElo "2405"]
[PlyCount "84"]
[EventDate "1986.06.15"]

1. e4 c5 2. Nf3 d6 3. d4 cxd4 4. Nxd4 Nf6 5. Nc3 a6 6. f4 Nbd7 7. Bc4 b5 8. Bb3
Bb7 9. Qe2 Nc5 10. e5 dxe5 11. fxe5 Qxd4 12. exf6 Nxb3 13. axb3 Qh4+ 14. g3
Qxf6 15. Rf1 Qc6 16. Bd2 Rc8 17. b4 Qc4 18. Qf2 e5 19. Qf5 Bxb4 20. Qxe5+ Qe6
21. Qxe6+ fxe6 22. O-O-O Be7 23. Rde1 Rc6 24. Ne4 Rf8 25. Rxf8+ Kxf8 26. Ng5
Bxg5 27. Bxg5 Kf7 28. Rd1 Bc8 29. Bf4 Kf6 30. Rd6 Rc4 31. Kd2 g5 32. Be3 Rc7
33. Rd8 Rd7+ 34. Rxd7 Bxd7 35. Bd4+ Kf5 36. Ke3 Bc6 37. b4 e5 38. Bc5 g4 39. c3
Ke6 40. Bf8 Bh1 41. Bg7 Kd5 42. Bf6 Bg2 1/2-1/2

[Event "XLVI C.to Italiano"]
[Site "Cesenatico ITA"]
[Date "1986.06.??"]
[Round "5"]
[White "Bellini, Fabio"]
[Black "Sanna, Gianlazzaro"]
[Result "1/2-1/2"]
[WhiteElo "2380"]
[BlackElo "2380"]
[PlyCount "90"]
[EventDate "1986.06.15"]

1. e4 d6 2. d4 Nf6 3. Nc3 g6 4. g3 Bg7 5. Bg2 O-O 6. Nge2 e5 7. O-O Nc6 8. dxe5
dxe5 9. Bg5 Nd4 10. Nxd4 exd4 11. Nb5 c6 12. Nxd4 Qb6 13. Nb3 Ng4 14. h3 Ne5
15. Be3 Qa6 16. Bd4 Rd8 17. c3 b6 18. f4 Nd3 19. Qe2 c5 20. Bxg7 Kxg7 21. Rad1
Bb7 22. f5 Ne5 23. f6+ Kh8 24. Rxd8+ Rxd8 25. Qe3 Qd3 26. Qh6 Rg8 27. Qf4 Re8
28. Rf2 Qd6 29. Rd2 Qe6 30. g4 Ba6 31. g5 Bd3 32. Qe3 Bb1 33. Qg3 Bxa2 34. Nc1
Bc4 35. h4 h5 36. b3 Bxb3 37. Bh3 Ng4 38. Bxg4 hxg4 39. h5 gxh5 40. Nxb3 Qxb3
41. g6 Qb1+ 42. Kh2 Qxe4 43. gxf7 Rf8 44. Qc7 Qe3 45. Rd8 Qf2+ 1/2-1/2

[Event "XLVI C.to Italiano"]
[Site "Cesenatico ITA"]
[Date "1986.06.??"]
[Round "5"]
[White "Braga, Fernando Alberto"]
[Black "Belotti, Bruno"]
[Result "1-0"]
[WhiteElo "2470"]
[BlackElo "2355"]
[PlyCount "61"]
[EventDate "1986.06.15"]

1. e4 c6 2. Nc3 d5 3. Nf3 g6 4. exd5 cxd5 5. Bb5+ Nc6 6. Ne5 Qd6 7. d4 f6 8.
Nd3 Bh6 9. Qf3 Kf7 10. Be3 e6 11. Bxc6 bxc6 12. O-O-O Kg7 13. g4 Bxe3+ 14. fxe3
Nh6 15. Rhf1 Rf8 16. Nc5 e5 17. h3 Nf7 18. Qg2 Ng5 19. Rf2 e4 20. Rdf1 Nf3 21.
N3xe4 dxe4 22. Nxe4 Qe6 23. Qxf3 Qxa2 24. Nc3 Qa1+ 25. Kd2 Qxb2 26. Rb1 Qa3 27.
Qxc6 Ba6 28. Qa4 Qd6 29. Ne4 Qe7 30. Qxa6 Qxe4 31. Qb7+ 1-0

[Event "XLVI C.to Italiano"]
[Site "Cesenatico ITA"]
[Date "1986.06.??"]
[Round "5"]
[White "Messa, Roberto"]
[Black "De Eccher, Stefano"]
[Result "1/2-1/2"]
[WhiteElo "2410"]
[BlackElo "2325"]
[PlyCount "119"]
[EventDate "1986.06.15"]

1. e4 c5 2. Nf3 d6 3. d4 cxd4 4. Nxd4 Nf6 5. Nc3 g6 6. Bc4 Bg7 7. h3 O-O 8. O-O
a6 9. Bb3 Nbd7 10. Be3 Nc5 11. Qf3 Bd7 12. Rad1 Rc8 13. Rfe1 Re8 14. Bg5 Nxb3
15. axb3 Qa5 16. Qe3 Bc6 17. f4 Qc5 18. Nxc6 Qxe3+ 19. Rxe3 bxc6 20. Re2 Nd7
21. Bh4 Nc5 22. Bf2 Ne6 23. f5 Nc7 24. g4 Nb5 25. Na4 c5 26. Nb6 Rb8 27. Nc4
Bd4 28. Ra1 Ra8 29. c3 Bxf2+ 30. Kxf2 Nc7 31. f6 exf6 32. Nxd6 Reb8 33. Ra3 Nb5
34. Nxb5 axb5 35. Ke3 Kf8 36. Rd2 Rxa3 37. bxa3 Ra8 38. Ra2 Ke7 39. a4 c4 40.
bxc4 Rxa4 41. Rb2 Rxc4 42. Kd3 Rc5 43. Kd4 Rg5 44. Ra2 h5 45. Ra7+ Ke6 46. Ra6+
Ke7 47. Ra7+ Kf8 48. Ra8+ Kg7 49. gxh5 Rxh5 50. Rb8 Re5 51. Rc8 Rh5 52. Rb8 Rh4
53. Rxb5 f5 54. c4 fxe4 55. c5 Rxh3 56. c6 e3 57. c7 e2 58. Rb1 Rh8 59. Ke5 f5
60. Re1 1/2-1/2

[Event "XLVI C.to Italiano"]
[Site "Cesenatico ITA"]
[Date "1986.06.??"]
[Round "5"]
[White "Sarno, Spartaco"]
[Black "Lanzani, Mario"]
[Result "0-1"]
[WhiteElo "2400"]
[BlackElo "2250"]
[PlyCount "82"]
[EventDate "1986.06.15"]

1. d4 d5 2. c4 e6 3. Nc3 c6 4. Nf3 dxc4 5. e3 b5 6. a4 Bb4 7. Bd2 a5 8. axb5
Bxc3 9. Bxc3 cxb5 10. b3 Bb7 11. d5 Nf6 12. bxc4 b4 13. Bxf6 Qxf6 14. Qa4+ Nd7
15. Rd1 Qc3+ 16. Nd2 exd5 17. cxd5 Bxd5 18. Bb5 O-O 19. Bxd7 Bxg2 20. Ke2 Bxh1
21. Rxh1 Ra6 22. Bb5 Rd6 23. Ne4 Qb2+ 24. Kf3 Rd5 25. Bc4 Qe5 26. Qa2 Qf5+ 27.
Ke2 Qg4+ 28. f3 Qg2+ 29. Nf2 Rd6 30. Qxa5 Rfd8 31. Qxb4 Rd2+ 32. Qxd2 Rxd2+ 33.
Kxd2 Qxf2+ 34. Be2 g5 35. Kd3 h5 36. Rb1 Qxh2 37. Rb5 Qd6+ 38. Kc2 Qg3 39. Rf5
Kg7 40. Kd2 f6 41. Rd5 h4 0-1

[Event "XLVI C.to Italiano"]
[Site "Cesenatico ITA"]
[Date "1986.06.??"]
[Round "5"]
[White "Sibilio, Mario"]
[Black "Arlandi, Ennio"]
[Result "1/2-1/2"]
[WhiteElo "2305"]
[BlackElo "2360"]
[PlyCount "43"]
[EventDate "1986.06.15"]

1. Nf3 d5 2. b3 Nf6 3. Bb2 e6 4. e3 Be7 5. c4 O-O 6. Be2 c5 7. O-O Nc6 8. d4
cxd4 9. Nxd4 Nxd4 10. Qxd4 dxc4 11. Qxc4 Bd7 12. Nc3 Qa5 13. Qf4 Rac8 14. Rac1
Ba3 15. Bxa3 Qxa3 16. e4 Bc6 17. Bf3 Qa5 18. Rfd1 Rfd8 19. Rxd8+ Rxd8 20. h3
Nd7 21. Qe3 h6 22. Be2 1/2-1/2